000 00293nam a22001337a 4500
008 170329b xxu||||| |||| 00| 0 eng d
020 _a0440540763
041 _aeng
080 _a616-053.2
100 _a8
101 _aSHM
245 _aINFANTS AND MOTHERS
_cBRAZELTON, T.B
942 _2udc
_cBK
999 _c9055
_d9055